000 00636nam a22002417a 4500
003 UA-OsUOA
001 92350
007 ta
008 20121213b un ||||| |||| 00| 0 ukr d
100 _aАлдан-Семенов А.
090 _a821.161.1
_bА45
942 _cBK
040 _aUA-OsUOA
_brus
_cUA-OsUOA
_dUA-OsUOA
245 _aПосле выстрела "Авроры"
_bповести
300 _a424 с.
955 _a3
041 _arus
080 _a821.161.1
020 _a5-265-00514-5
260 _aМ.
_c1990
650 7 _a82 Література. Літературознавство
_2UDC
999 _c378594
_d378594